00328nam a2200121 450000500170000010000310001724500360004826400340008430000180011833600220013633700240015833800240018220260530115306.01 aEditors of Time-Life Books10aSpecial Problems in Photography 1bTime Life Internationalc1972 a210 páginas atexto2rdacontent asin medio2rdamedia avolumen2rdacarrier